000 00602nam a2200217Ia 4500
003 OSt
005 20221007071940.0
006 a|||||r|||| 00| 0
007 ta
008 221006b |||||||| |||| 00| 0 eng d
024 _a10,167
037 _cReference Collections
040 _aFLL
_cFLL
_beng
041 _2eng
_aeng
082 _ax:9.3qN74, L4
245 0 _aTrade union and labour relations act 1974
260 _aLondon
_bMajesty's stationery office London
_c1974
300 _a68p
_ccm.
942 _hx:9.3qN74, L4
_cREF
_2CC
999 _c1144757
_d1144757